Central Library OPAC University of Rajshahi

উমেশচন্দ্র দত্ত, মহেশচন্দ্র ঘোষ / (Record no. 41527)

MARC details
000 -LEADER
fixed length control field 01129nam a2200265 a 4500
001 - CONTROL NUMBER
control field 41527
003 - CONTROL NUMBER IDENTIFIER
rucl marc code BD-RjUL
005 - DATE AND TIME OF LATEST TRANSACTION
control field 20211209053415.0
008 - FIXED-LENGTH DATA ELEMENTS--GENERAL INFORMATION
fixed length control field 160601s1963 i a|||| |||| 00| 0 ben d
020 ## - INTERNATIONAL STANDARD BOOK NUMBER
Terms of availability : IRs. 1.00
035 ## - SYSTEM CONTROL NUMBER
System control number (BD-RjUL)41645
040 ## - CATALOGING SOURCE
Original cataloging agency BD-RjUL
Language of cataloging ben
Transcribing agency BD-RjUL
Modifying agency BD-RjUL
041 ## - LANGUAGE CODE
Language code of text/sound track or separate title ben
082 ## - DEWEY DECIMAL CLASSIFICATION NUMBER
Edition number 23
Classification number 891.44092
Author mark and year BAU 1963
100 ## - MAIN ENTRY--PERSONAL NAME
Personal name বাগল, যোগেশচন্দ্র
9 (RLIN) 127616
245 10 - TITLE STATEMENT
Title উমেশচন্দ্র দত্ত, মহেশচন্দ্র ঘোষ /
Statement of responsibility, etc. যোগেশচন্দ্র বাগল
250 ## - EDITION STATEMENT
Edition statement ১ম সং.
260 ## - PUBLICATION, DISTRIBUTION, ETC. (IMPRINT)
Place of publication, distribution, etc. কলিকাতা :
Name of publisher, distributor, etc. বঙ্গীয় সাহিত্র পরিষদ,
Date of publication, distribution, etc. ১৯৬৩ (১৩৭০)
300 ## - PHYSICAL DESCRIPTION
Pagination ৩০৮ পৃ. :
Illustrations চিত্র ;
Size ২০ সেমি
600 ## - SUBJECT ADDED ENTRY--PERSONAL NAME
Personal name দত্ত, উমেশচন্দ্র
Dates associated with a name ১৮৪০-১৯০৭
Personal name Dutta, Umeshchandra
Dates associated with a name 1840-1907
Personal name ঘোষ, মহেশচন্দ্র
Dates associated with a name ১৮৬৮-১৯৩০
Personal name Ghosh, Maheshchandra
Dates associated with a name 1868-1930
942 ## - ADDED ENTRY ELEMENTS (KOHA)
Source of classification or shelving scheme Dewey Decimal Classification
Koha item type Books
Holdings
Lost status Source of classification or shelving scheme Damaged status Not for loan Collection code Permanent Location Current Location Shelving location Date acquired Source of acquisition Total Checkouts Full call number Date last seen Copy number Koha item type
  Dewey Decimal Classification   Not For Loan Non-fiction Central Library, University of Rajshahi Central Library, University of Rajshahi Reading Room 22/09/1973 Uttar Bongo Library, Rajshahi   B 891.44092 BAU 1963 01/06/2016 C-1 Books